[Event "Vall del Tenes op 5th"]
[Site "Vall del Tenes"]
[Date "2016.04.22"]
[Round "3"]
[White "Romano Cases, Jordi"]
[Black "Argemi Camp, Jaume"]
[Result "0-1"]
[WhiteElo "1649"]
[BlackElo "1630"]
[PlyCount "72"]
[EventDate "2016.04.08"]
[EventType "swiss"]
[EventRounds "8"]
[EventCountry "ESP"]
[SourceTitle "CBM 172 Extra"]
[Source "ChessBase"]
[SourceDate "2016.06.21"]
[SourceVersion "1"]
[SourceVersionDate "2016.06.21"]
[SourceQuality "1"]

1. e4 g6 2. d4 Bg7 3. Nf3 d6 4. Be2 c6 5. 0-0 Nf6 6. e5 dxe5 7. dxe5 Qxd1 8. Rxd1 Ng4 9. Bf4 Nd7 10. Nc3 Ndxe5 11. Nxe5 Nxe5 12. Rd2 0-0 13. Rad1 Ng4 14. Rd8 Bf5 15. Rxa8 Rxa8 16. Bd3 Be6 17. g3 Nf6 18. b3 Nh5 19. Ne2 Rd8 20. c4 Nf6 21. Bc2 Rxd1+ 22. Bxd1 b5 23. Nd4 Bd7 24. Be2 Ne4 25. Nf3 Nc3 26. Bd3 Nxa2 27. Be5 Nc1 28. Bxg7 Kxg7 29. Ne5 Be8 30. Bc2 f6 31. Nd3 Ne2+ 32. Kg2 Bf7 33. cxb5 cxb5 34. Nc5 Nd4 35. Bd3 b4 36. Nb7 Bd5+ 0-1

[Event "Moia op 4th"]
[Site "Moia"]
[Date "2015.10.02"]
[Round "3"]
[White "Bellpuig Mencos, Gerard"]
[Black "Romano Cases, Jordi"]
[Result "1-0"]
[WhiteElo "1700"]
[BlackElo "1741"]
[PlyCount "48"]
[EventDate "2015.09.18"]
[EventType "swiss"]
[EventRounds "8"]
[EventCountry "ESP"]
[SourceTitle "EXT 2017"]
[Source "ChessBase"]
[SourceDate "2016.10.25"]
[SourceVersion "1"]
[SourceVersionDate "2016.10.25"]
[SourceQuality "1"]

1. d4 Nf6 2. Nf3 e6 3. a3 Be7 4. Bf4 b6 5. e3 0-0 6. Bd3 Bb7 7. 0-0 Re8 8. Nbd2 d6 9. Bc4 Nh5 10. Bg3 Nd7 11. h3 Nxg3 12. fxg3 e5 13. Bxf7+ Kxf7 14. Nxe5+ Kg8 15. Nf7 Qc8 16. Rf4 Bf6 17. Qh5 Rxe3 18. d5 Rxg3 19. Ne4 Rg6 20. Nfg5 Bxg5 21. Nxg5 Nf6 22. Rxf6 Rxf6 23. Qxh7+ Kf8 24. Qh8+ Ke7 1-0